00778 a2200193 4500020001500000040001300015082001400028245017200042250001200214260004900226300003500275500002400310650003400334650003400368650003500402650003200437700002400469856009100493 a0415328683 aDLCbDLC00a573.8011300aModeling in the neurosciences: from biological systems to neuromimetic robotics bfrom biological systems to neuromimetic robotics cedited by G.N. Reeke ... [et al.]. a2nd ed. aBoca Raton, Fla. :bTaylor & Francis,c2005. axvii, 711 p. :bill. ;c26 cm. aPrevious ed.: 1999. 0aNeuronsxComputer simulation. 0aNeuronsxMathematical models. 0aNeural networks (Neurobiology) 0aComputational neuroscience.1 aReeke, G. N.d1943-423Publisher descriptionuhttp://www.loc.gov/catdir/enhancements/fy0647/2005298022-d.html